Vainqueurs de la Coupe du Roi - Statistiques

Statistiques générales
  • Ce quiz a été pris 376 fois
    150 depuis la dernière actualisation
  • Le résultat moyen est 90 sur 123
Statistiques - réponses
Année Vainqueur % Correct
1905 | 1906 | 1907 | +4 others Madrid CF
99%
1946 | 1947 | 1962 | +10 others Real Madrid
99%
1910 | 1912 | 1913 | +29 others FC Barcelone
98%
2000 | 2006 Espanyol de Barcelone
95%
1948 Séville FC
94%
1977 Betis Séville
90%
1903 | 1904 | 1910 | +13 others Athletic Bilbao
85%
1935 | 1939 | 2007 | 2010 Séville FC
84%
1941 | 1949 | 1954 | +5 others Valence CF
79%
1987 | 2020 Real Sociedad
72%
2005 | 2022 Betis Séville
70%
1995 Deportivo La Corogne
57%
2002 Deportivo La Corogne
56%
1940 Espanyol Barcelone
38%
1929 Espanyol de Barcelone
38%
1960 Atlético de Madrid
34%
2003 RCD Majorque
34%
1961 | 1965 | 1972 | +6 others Atlético de Madrid
33%
1964 | 1966 | 1986 | +3 others Real Saragosse
27%
1944 | 1945 | 1950 | +5 others Athletic Bilbao
24%
1913 | 1918 | 1924 | 1927 Real Unión de Irún
2%
1919 Arenas Guecho
1%
1909 Club Ciclista
1%
Aucun quiz correspondant
Distribution des résultats
% des personnes avec chaque résultat
Percentile par nombre de réponses
Votre historique - résultats
Vous n’avez pas pris ce quiz depuis la dernière actualisation